Normal view MARC view
  • Cooper, James William,

Entry Personal Name

Number of records used in: 1

001 - CONTROL NUMBER

  • control field: 790

003 - CONTROL NUMBER IDENTIFIER

  • control field: OSt

005 - DATE AND TIME OF LATEST TRANSACTION

  • control field: 20170503121829.0

008 - FIXED-LENGTH DATA ELEMENTS

  • fixed length control field: 170503|| aca||aabn | a|a d

040 ## - CATALOGING SOURCE

  • Original cataloging agency: OSt
  • Transcribing agency: OSt

100 ## - HEADING--PERSONAL NAME

  • Personal name: Cooper, James William,
  • Dates associated with a name: 1943-

670 ## - SOURCE DATA FOUND

  • Source citation: Work cat.: (OSt): Cooper, James William, 1943-, Writing scientific programs under the OS/2 presentation manager /, c1990.
Pusat Sumber Maklumat Dato' Haji Sarmin Md Hussin, Akademi Kastam Diraja Malaysia, Melaka
Tel: 06-2331106 | Faks: 06-2313787